Last 15 Managers of AC Milan - Statistics

General Stats
  • This quiz has been taken 370 times
  • The average score is 9 of 15
Answer Stats
Time in Charge Nat. Answer % Correct
07/11/2001 - 30/06/2009 🇮🇹 Carlo Ancelotti
88%
09/10/2019 - 26/05/2024 🇮🇹 Stefano Pioli
85%
30/12/2024- 🇵🇹 Sérgio Conceição
80%
01/07/2010 - 12/01/2014 🇮🇹 Massimiliano Allegri
75%
01/07/2024 - 29/12/2024 🇵🇹 Paulo Fonseca
75%
27/11/2017 - 30/06/2019 🇮🇹 Gennaro Gattuso
72%
01/07/2014 - 04/06/2015 🇮🇹 Filippo Inzaghi
68%
16/01/2014 - 30/06/2014 🇳🇱 Clarence Seedorf
67%
01/07/2016 - 26/11/2017 🇮🇹 Vincenzo Montella
51%
16/06/2015 - 12/04/2016 🇷🇸 Siniša Mihajlović
50%
01/07/2009 - 30/06/2010 🇧🇷 Leonardo
48%
01/07/2019 - 08/10/2019 🇮🇹 Marco Giampaolo
48%
01/07/2001 - 06/11/2001 🇹🇷 Fatih Terim
39%
13/04/2016 - 30/06/2016 🇮🇹 Cristian Brocchi
37%
13/01/2014 - 15/01/2014 🇮🇹 Mauro Tassotti
24%
No matching quizzes found
Score Distribution
Percent of People with Each Score
Percentile by Number Answered
Your Score History
You have not taken this quiz